Database decisions : briefings on the management of technology
Αποθηκεύτηκε σε:
| Κύριος συγγραφέας: | |
|---|---|
| Μορφή: | Βιβλίο |
| Γλώσσα: | English |
| Δημοσίευση: |
London :
Pitman,
1994
|
| Θέματα: | |
| Ετικέτες: |
Προσθήκη ετικέτας
Δεν υπάρχουν, Καταχωρήστε ετικέτα πρώτοι!
|
MARC
| LEADER | 00000nam a2200000 i 4500 | ||
|---|---|---|---|
| 001 | 1/57547 | ||
| 008 | 960520s1994 eng d | ||
| 020 | |a 0-273-60289-6 | ||
| 035 | |l 10028211 | ||
| 040 | |a GR-MY-UA |b gre |e aacr | ||
| 041 | 0 | |a eng | |
| 082 | 0 | |a 658.40388 | |
| 100 | 1 | |a O'Brien, Bart. | |
| 245 | 1 | 0 | |a Database decisions : |b briefings on the management of technology / |c Bart O'Brien |
| 260 | |a London : |b Pitman, |c 1994 | ||
| 300 | |a 384 p. | ||
| 500 | |a Includes index | ||
| 650 | 0 | 0 | |a Technology |x Management. |
| 650 | 0 | 0 | |a Database management. |
| 650 | 0 | 0 | |a Decision making. |
| 852 | |a INST |b CHIOS |e 19960704 |h 658.40388 BRI |p 005200001832 |q 005200001832 |t BK |y 12 | ||
| 852 | |a INST |b CHIOS |e 19960520 |h 658.40388 BRI |p 005200008258 |q 005200008258 |t BK |y 0 | ||
| 909 | |a Χ |b 042475 | ||
| 909 | |a Χ |b 040218 | ||